Tribhuvan University Central Library
Normal view MARC view
  • Pangeni, Narayan

Entry Personal Name

Number of records used in: 1

001 - CONTROL NUMBER

  • control field: 36371

003 - CONTROL NUMBER IDENTIFIER

  • control field: OSt

005 - DATE AND TIME OF LATEST TRANSACTION

  • control field: 20120711125805.0

008 - FIXED-LENGTH DATA ELEMENTS

  • fixed length control field: 120711|||a|||||| | ||| d

040 ## - CATALOGING SOURCE

  • Original cataloging agency: OSt
  • Transcribing agency: OSt

100 ## - HEADING--PERSONAL NAME

  • Personal name: Pangeni, Narayan

670 ## - SOURCE DATA FOUND

  • Source citation: Work cat.: (OSt): Pangeni, Narayan, Capital structure management of Manufacturing companies listed in Nepase, 2010

670 ## - SOURCE DATA FOUND

  • Source citation: Work cat.: (OSt): Pangeni, Narayan, Capital structure management of Manufacturing companies listed in Nepase, 2010